|
|
|
|
| LEADER |
01592nam a2200301 a 4500 |
| 001 |
12684236 |
| 008 |
090614s2003 ohua b 001 0 eng d |
| 999 |
|
|
|c 1268
|d 1268
|
| 010 |
|
|
|a \\2002020827
|
| 020 |
|
|
|a 0030258170
|
| 020 |
|
|
|a 0030350840
|
| 040 |
|
|
|a DLC
|c DLC
|d DLC
|
| 082 |
0 |
0 |
|a 658.403072
|2 21
|
| 100 |
1 |
|
|a Zikmund, William G.
|9 31348
|
| 245 |
1 |
0 |
|a Business research methods /
|c William G. Zikmund.
|
| 250 |
|
|
|a 7th ed.
|
| 260 |
|
|
|a Mason, OH :
|b Thomson/South-Western,
|c c2003.
|
| 300 |
|
|
|a xix, 748 p. :
|b ill. (some col.) ;
|c 27 cm.
|
| 504 |
|
|
|a Includes bibliographical references and index.
|
| 541 |
1 |
|
|e 00012089
|
| 650 |
|
0 |
|a Management
|x Research.
|9 31349
|
| 650 |
|
0 |
|a Business
|x Research.
|9 31350
|
| 852 |
4 |
|
|a Ayesha Abed Library
|j General shelf
|
| 942 |
|
|
|2 ddc
|c BK
|
| 952 |
|
|
|0 0
|1 0
|2 ddc
|4 1
|6 658_403072000000000_ZIK
|7 0
|9 1152
|a BRACUL
|b BRACUL
|c SPS
|d 2009-06-25
|g 4353.00
|l 3
|m 16
|o 658.403072 ZIK
|p 3010012089
|r 2018-08-30
|s 2018-06-05
|t 1
|w 2009-06-25
|y BK
|x Photocopy Book. Declared as Damaged on December 10, 2023
|
| 952 |
|
|
|0 0
|1 0
|2 ddc
|4 0
|6 658_403072000000000_ZIK
|7 0
|9 14494
|a BRACUL
|b BRACUL
|c GEN
|d 2011-02-28
|l 16
|m 131
|o 658.403072 ZIK
|p 3010010248
|r 2026-05-20
|s 2026-05-17
|t 2
|w 2011-02-28
|y BK
|
| 952 |
|
|
|0 0
|1 0
|2 ddc
|4 1
|6 658_403072000000000_ZIK
|7 0
|9 14829
|a BRACUL
|b BRACUL
|c SPS
|d 2011-03-21
|l 6
|m 77
|o 658.403072 ZIK
|p 3010012904
|r 2018-09-19
|s 2017-09-26
|t 3
|w 2011-03-21
|y BK
|x Price not available in Register
|
| 952 |
|
|
|0 0
|1 0
|2 ddc
|4 0
|6 658_403072000000000_ZIK
|7 0
|9 18059
|a BRACUL
|b BRACUL
|c GEN
|d 2011-09-18
|g 4353.00
|l 24
|m 194
|o 658.403072 ZIK
|p 3010012088
|r 2026-02-19
|s 2025-10-08
|t 4
|w 2011-09-18
|y BK
|x $51.94
|